| 000 | 00850ntaaa2200217 4500 | ||
|---|---|---|---|
| 003 | 01 | ||
| 005 | 20251027203336.0 | ||
| 008 | 0714s1973 ag 01 | ||
| 040 |
_aAR-BaBN _bspa _cAR-BaBN _eaacr _dRIC |
||
| 100 |
_aSchumann, Robert _d1810-1856 |
||
| 245 |
_aSinfonía no. 1 en si bemol mayor op. 38 "Primavera" ; Estudios sinfónicos op. 13 / _cRobert Schumann |
||
| 260 |
_aBuenos Aires : _bViscontea [distribuidor], _cc1979 |
||
| 300 |
_a1 disco son. (54 min., 37 seg.) ; _canalógico, 33 1/3 rpm, estereo ; 12 plg. |
||
| 490 |
_aLos grandes músicos ; _v26 |
||
| 500 | _aOrquesta Sinfónica de Nuremberg, Othmar F. Maga, director | ||
| 500 | _aPiano: Alberto Mozzati | ||
| 500 | _aFabricado por: CBS. a) Licencia de: Polyband. b) Registro F.E. | ||
| 500 | _aDuraciones: 31 min., 52 seg. ; 22 min., 45 seg. | ||
| 650 | _aMUSICA | ||
| 942 | _cBK | ||
| 999 |
_c28944 _d28944 |
||